[Event "NATO-ch 22nd"]
[Site "Kaunas"]
[Date "2011.08.11"]
[Round "5.1"]
[White "Drabke, Lorenz Maximilian"]
[Black "Haznedaroglu, Kivanc"]
[Result "0-1"]
[WhiteElo "2472"]
[BlackElo "2444"]
[PlyCount "56"]
[EventDate "2011.08.??"]
[EventType "swiss"]
[EventRounds "7"]
[EventCountry "LTU"]
[WhiteTeam "GER"]
[BlackTeam "TUR"]

1. e4 c5 2. Nf3 Nc6 3. Bb5 Nf6 4. Bxc6 dxc6 5. d3 Bg4 6. h3 Bh5 7. g4 Bg6 8.
Nh4 e5 9. Qf3 Nd7 10. Nf5 Qc7 11. Nc3 O-O-O 12. g5 f6 13. Rg1 c4 14. dxc4 Nb6
15. gxf6 gxf6 16. b3 Bb4 17. Bb2 Qf7 18. Nh6 Qd7 19. Rd1 Bxe4 20. Rxd7 Bxf3 21.
Rxd8+ Rxd8 22. Rg8 Nd7 23. a3 Rxg8 24. Nxg8 Bf8 25. Nd1 Bh5 26. Bc1 Bg6 27. c3
Bf7 28. Nh6 Be6 0-1

[Event "NATO-ch 22nd"]
[Site "Kaunas"]
[Date "2011.08.11"]
[Round "5.2"]
[White "Erturan, Yakup"]
[Black "Wantiez, Fabrice"]
[Result "1/2-1/2"]
[WhiteElo "2342"]
[BlackElo "2357"]
[PlyCount "55"]
[EventDate "2011.08.??"]
[EventType "swiss"]
[EventRounds "7"]
[EventCountry "LTU"]
[WhiteTeam "TUR"]
[BlackTeam "BEL"]

1. e4 e5 2. Nf3 Nc6 3. Bb5 a6 4. Ba4 Nf6 5. O-O Be7 6. d3 b5 7. Bb3 d6 8. a4
Bb7 9. Nc3 b4 10. Nd5 Na5 11. Ba2 Nxd5 12. Bxd5 Bxd5 13. exd5 c6 14. dxc6 Nxc6
15. Re1 O-O 16. d4 exd4 17. Nxd4 Nxd4 18. Qxd4 a5 19. c3 Bf6 20. Qd3 bxc3 21.
bxc3 Rc8 22. Bd2 d5 23. Reb1 Qc7 24. Rb5 Bxc3 25. Bxc3 Qxc3 26. Qxc3 Rxc3 27.
Rxd5 Ra8 28. g3 1/2-1/2

[Event "NATO-ch 22nd"]
[Site "Kaunas"]
[Date "2011.08.11"]
[Round "5.3"]
[White "Rosenkilde, Alexander"]
[Black "Malloni, Marcello"]
[Result "1/2-1/2"]
[WhiteElo "2235"]
[BlackElo "2293"]
[PlyCount "107"]
[EventDate "2011.08.??"]
[EventType "swiss"]
[EventRounds "7"]
[EventCountry "LTU"]
[WhiteTeam "DEN"]
[BlackTeam "ITA"]

1. d4 Nf6 2. c4 e6 3. g3 Bb4+ 4. Bd2 Qe7 5. Bg2 O-O 6. Nf3 Bxd2+ 7. Qxd2 d6 8.
O-O e5 9. Nc3 Re8 10. Nd5 Qd8 11. dxe5 dxe5 12. Rfd1 c6 13. Ne3 Qe7 14. b4 Ng4
15. c5 e4 16. Nd4 Nxe3 17. Qxe3 Na6 18. a3 Nc7 19. f3 exf3 20. Qxf3 Bd7 21. Rd3
Rad8 22. Rad1 Bc8 23. e4 g6 24. R1d2 Rf8 25. Qd1 Rde8 26. h3 a5 27. Kh2 axb4
28. axb4 h5 29. Ne2 h4 30. Nf4 Qe5 31. Qf3 g5 32. Ne2 f5 33. Rd6 Re7 34. Qh5
hxg3+ 35. Kh1 Ne6 36. exf5 Rxf5 37. Nxg3 Qxg3 38. Qg6+ Ng7 39. Rd8+ Rf8 40.
Rxf8+ Kxf8 41. Rd8+ Re8 42. Qf6+ Kg8 43. Rxe8+ Nxe8 44. Qe7 Ng7 45. Qd8+ Kf7
46. Qxc8 Qe1+ 47. Kh2 Qxb4 48. Qd7+ Kf6 49. Qd8+ Kg6 50. Qd6+ Kf5 51. Qf8+ Kg6
52. Qd6+ Kh7 53. Qd3+ Kh6 54. Qd6+ 1/2-1/2

[Event "NATO-ch 22nd"]
[Site "Kaunas"]
[Date "2011.08.11"]
[Round "5.4"]
[White "Andersen, Hans Christoph"]
[Black "Kedzierski, Slawomir"]
[Result "1/2-1/2"]
[WhiteElo "2211"]
[BlackElo "2082"]
[PlyCount "120"]
[EventDate "2011.08.??"]
[EventType "swiss"]
[EventRounds "7"]
[EventCountry "LTU"]
[WhiteTeam "GER"]
[BlackTeam "POL"]

1. d4 Nf6 2. c4 e6 3. Nc3 d5 4. cxd5 exd5 5. Bg5 Be7 6. e3 c6 7. Qc2 Nbd7 8.
Bd3 O-O 9. Nge2 Re8 10. h3 Nf8 11. O-O-O b5 12. Kb1 Bd7 13. g4 a5 14. Ng3 a4
15. Rc1 Qa5 16. Bxf6 Bxf6 17. Nce2 b4 18. Qc5 Qxc5 19. Rxc5 g6 20. Rcc1 Rac8
21. e4 Ne6 22. Rcd1 dxe4 23. Nxe4 Be7 24. f4 Nc7 25. N2g3 Nd5 26. f5 a3 27.
Rde1 Bh4 28. Ref1 Rcd8 29. Ne2 Bc8 30. fxg6 hxg6 31. Rc1 Bd7 32. Rhf1 Kg7 33.
bxa3 bxa3 34. N2c3 Rb8+ 35. Ka1 Rb4 36. Nxd5 cxd5 37. Nc5 Bc8 38. Rc3 Re1+ 39.
Rxe1 Bxe1 40. Rxa3 Bf2 41. Nb3 Bd7 42. Ra5 Bxd4+ 43. Kb1 Be6 44. Rb5 Rxb5 45.
Bxb5 Bf2 46. Kc2 Kf6 47. Kd3 Ke5 48. Ke2 Ba7 49. Kf3 d4 50. h4 Bd5+ 51. Kg3 Ke4
52. Nd2+ Ke5 53. a4 Bb8 54. Bd3 f5 55. gxf5 gxf5 56. Nf3+ Kf6+ 57. Kf2 Bc7 58.
h5 Ba5 59. h6 Bxf3 60. Kxf3 Kg6 1/2-1/2

[Event "NATO-ch 22nd"]
[Site "Kaunas"]
[Date "2011.08.11"]
[Round "5.5"]
[White "Mestek, Igor"]
[Black "Kapral, Krzysztof"]
[Result "1/2-1/2"]
[WhiteElo "2195"]
[BlackElo "2157"]
[PlyCount "33"]
[EventDate "2011.08.??"]
[EventType "swiss"]
[EventRounds "7"]
[EventCountry "LTU"]
[WhiteTeam "SLO"]
[BlackTeam "POL"]

1. e4 e6 2. Nc3 d5 3. g3 dxe4 4. Nxe4 Bd7 5. Nf3 Bc6 6. Qe2 Nf6 7. Nxf6+ Qxf6
8. Bg2 Nd7 9. d4 Bd6 10. O-O O-O 11. Rd1 Rad8 12. c4 Rfe8 13. Be3 Be4 14. Rac1
c6 15. Ng5 Bxg2 16. Kxg2 Qg6 17. Qc2 1/2-1/2

[Event "NATO-ch 22nd"]
[Site "Kaunas"]
[Date "2011.08.11"]
[Round "5.6"]
[White "Bieluszewski, Piotr"]
[Black "Jauk, Wilhelm"]
[Result "0-1"]
[WhiteElo "2120"]
[BlackElo "2164"]
[PlyCount "116"]
[EventDate "2011.08.??"]
[EventType "swiss"]
[EventRounds "7"]
[EventCountry "LTU"]
[WhiteTeam "POL"]
[BlackTeam "GER"]

1. e4 c6 2. d4 d5 3. Nd2 dxe4 4. Nxe4 Bf5 5. Ng3 Bg6 6. h4 h6 7. h5 Bh7 8. Nf3
e6 9. Bd3 Bxd3 10. Qxd3 Nf6 11. Bf4 Nbd7 12. O-O-O Be7 13. Kb1 O-O 14. Qe2 a5
15. Ne5 Nd5 16. Nxd7 Nxf4 17. Qf3 Qxd7 18. Qxf4 b5 19. Ne4 Rfb8 20. g4 Qd5 21.
Qe5 a4 22. f3 b4 23. Rd3 Rb5 24. Qxd5 cxd5 25. Ng3 Rb7 26. Ne2 Rc8 27. Rhd1
Rbc7 28. c3 b3 29. a3 Bd6 30. f4 f5 31. gxf5 exf5 32. Re3 Re7 33. Rxe7 Bxe7 34.
Nc1 Bd6 35. Nd3 Kf7 36. Re1 Rd8 37. Kc1 g5 38. hxg6+ Kxg6 39. Re6+ Kg7 40. Kd1
h5 41. Ke1 h4 42. Kf2 Kf7 43. Rh6 Be7 44. Ne5+ Kg7 45. Rg6+ Kh7 46. Rb6 Rg8 47.
Re6 Rg7 48. Nd3 h3 49. Re3 Bh4+ 50. Ke2 h2 51. Rh3 Rg2+ 52. Nf2 Rxf2+ 53. Ke3
Kg6 54. Rxh4 Rxb2 55. c4 dxc4 56. d5 c3 57. Kd4 c2 58. Rxh2 c1=Q 0-1

[Event "NATO-ch 22nd"]
[Site "Kaunas"]
[Date "2011.08.11"]
[Round "5.7"]
[White "Nielsen, Jan Mose"]
[Black "Lutz, Bernhard"]
[Result "1/2-1/2"]
[WhiteElo "2116"]
[BlackElo "2318"]
[PlyCount "44"]
[EventDate "2011.08.??"]
[EventType "swiss"]
[EventRounds "7"]
[EventCountry "LTU"]
[WhiteTeam "DEN"]
[BlackTeam "GER"]

1. d4 Nf6 2. c4 e6 3. Nf3 b6 4. a3 Bb7 5. Nc3 d5 6. Bg5 Be7 7. cxd5 Nxd5 8.
Bxe7 Qxe7 9. Rc1 O-O 10. e3 Rc8 11. Bd3 Nd7 12. O-O c5 13. Nxd5 Bxd5 14. Be2 c4
15. Nd2 b5 16. b3 Nb6 17. e4 Bb7 18. bxc4 bxc4 19. Rc3 Qd6 20. d5 exd5 21. Nxc4
Nxc4 22. Rxc4 Rxc4 1/2-1/2

[Event "NATO-ch 22nd"]
[Site "Kaunas"]
[Date "2011.08.11"]
[Round "5.8"]
[White "Vaznonis, Vytautas"]
[Black "Oltean, Gusztav"]
[Result "1-0"]
[WhiteElo "2395"]
[BlackElo "2118"]
[PlyCount "101"]
[EventDate "2011.08.??"]
[EventType "swiss"]
[EventRounds "7"]
[EventCountry "LTU"]
[WhiteTeam "LTU"]
[BlackTeam "HUN"]

1. d4 g6 2. e4 Bg7 3. Nc3 c5 4. d5 d6 5. Nf3 Bg4 6. h3 Bxf3 7. Qxf3 Nf6 8. Be2
O-O 9. g4 Na6 10. h4 Nb4 11. Kd1 e6 12. a3 Na6 13. h5 exd5 14. exd5 Nc7 15. Bg5
h6 16. Be3 g5 17. Bxg5 hxg5 18. h6 Bxh6 19. Rxh6 Kg7 20. Rh3 Rh8 21. Rxh8 Qxh8
22. Kd2 Qh2 23. Rh1 Qf4+ 24. Qxf4 gxf4 25. Bf3 Re8 26. g5 Nh7 27. Ne4 Re5 28.
Nxd6 Nxg5 29. Rg1 Kf6 30. Rxg5 Rxg5 31. Ne4+ Kg6 32. Nxg5 Kxg5 33. d6 Ne6 34.
Bxb7 Kf6 35. Bc6 Ke5 36. d7 Kd6 37. Ba4 Kc7 38. Kd3 Ng5 39. c3 f5 40. Bc6 Nf7
41. Bb5 Nd6 42. Ba4 Nf7 43. Kc4 Ne5+ 44. Kxc5 Nd3+ 45. Kd4 Nxf2 46. Bc6 Ng4 47.
b4 Ne3 48. a4 Nf1 49. a5 f3 50. b5 f2 51. b6+ 1-0

[Event "NATO-ch 22nd"]
[Site "Kaunas"]
[Date "2011.08.11"]
[Round "5.9"]
[White "Helbig, Mark"]
[Black "Bucholtz, Robert"]
[Result "1-0"]
[WhiteElo "2315"]
[BlackElo "2112"]
[PlyCount "71"]
[EventDate "2011.08.??"]
[EventType "swiss"]
[EventRounds "7"]
[EventCountry "LTU"]
[WhiteTeam "GER"]
[BlackTeam "USA"]

1. c4 e6 2. Nc3 d5 3. cxd5 exd5 4. d4 Nf6 5. Bg5 Be7 6. e3 O-O 7. Bd3 Nbd7 8.
Nf3 Re8 9. Qc2 Nf8 10. O-O c6 11. Ne5 Ng4 12. Bxe7 Qxe7 13. Nxg4 Bxg4 14. Rae1
Qh4 15. f3 Bd7 16. Qf2 Qxf2+ 17. Kxf2 Rad8 18. Rc1 Ne6 19. b4 g6 20. a4 a6 21.
g4 b5 22. Ra1 Ra8 23. Ra2 Nc7 24. Rfa1 Kf8 25. axb5 axb5 26. Ra7 Rec8 27. h3 h6
28. e4 dxe4 29. fxe4 Rxa7 30. Rxa7 Ke8 31. Ke3 Be6 32. d5 cxd5 33. Bxb5+ Kd8
34. exd5 Nxd5+ 35. Nxd5 Bxd5 36. Rd7+ 1-0

[Event "NATO-ch 22nd"]
[Site "Kaunas"]
[Date "2011.08.11"]
[Round "5.10"]
[White "Pedersen, Finn"]
[Black "Vuitton, Gilles"]
[Result "1-0"]
[WhiteElo "2279"]
[BlackElo "2094"]
[PlyCount "75"]
[EventDate "2011.08.??"]
[EventType "swiss"]
[EventRounds "7"]
[EventCountry "LTU"]
[WhiteTeam "DEN"]
[BlackTeam "FRA"]

1. Nf3 e6 2. g3 Nf6 3. Bg2 Be7 4. O-O O-O 5. c4 d5 6. b3 c5 7. Bb2 b6 8. cxd5
Nxd5 9. d4 cxd4 10. Nxd4 Bb7 11. Nd2 Nd7 12. e4 Nb4 13. Nc4 Nf6 14. Qe2 Bc5 15.
Rfd1 Qe7 16. a3 Bxd4 17. Rxd4 Nc6 18. Rdd1 e5 19. Nd6 Rad8 20. Nxb7 Qxb7 21. f4
Rxd1+ 22. Rxd1 Re8 23. Rd6 Qc7 24. Qd2 Na5 25. Bxe5 Nxb3 26. Qd1 Qc5+ 27. Kh1
Na5 28. Rd3 Qe7 29. Bd6 Qe6 30. e5 Ng4 31. Kg1 Qf5 32. h3 Nh6 33. Rc3 g5 34.
Qa4 Rd8 35. Be7 Qb1+ 36. Kh2 Qe1 37. Bxd8 Qxc3 38. Qe8+ 1-0

[Event "NATO-ch 22nd"]
[Site "Kaunas"]
[Date "2011.08.11"]
[Round "5.11"]
[White "Kersic, Matej"]
[Black "Giua, Frederic"]
[Result "1/2-1/2"]
[WhiteElo "2128"]
[BlackElo "2235"]
[PlyCount "30"]
[EventDate "2011.08.??"]
[EventType "swiss"]
[EventRounds "7"]
[EventCountry "LTU"]
[WhiteTeam "SLO"]
[BlackTeam "FRA"]

1. e4 c5 2. Nf3 d6 3. d4 cxd4 4. Nxd4 Nf6 5. Nc3 a6 6. Bg5 e6 7. f4 Nbd7 8. Qf3
Qc7 9. O-O-O b5 10. e5 Bb7 11. Qh3 dxe5 12. Nxe6 fxe6 13. Qxe6+ Be7 14. Bxb5
axb5 15. Nxb5 Qc6 1/2-1/2

[Event "NATO-ch 22nd"]
[Site "Kaunas"]
[Date "2011.08.11"]
[Round "5.12"]
[White "Maciokas, Kostas"]
[Black "Nill, Oliver"]
[Result "0-1"]
[WhiteElo "2079"]
[BlackElo "2198"]
[PlyCount "104"]
[EventDate "2011.08.??"]
[EventType "swiss"]
[EventRounds "7"]
[EventCountry "LTU"]
[WhiteTeam "LTU"]
[BlackTeam "GER"]

1. d4 g6 2. c4 Bg7 3. Nc3 d6 4. e4 Nf6 5. Be2 O-O 6. Nf3 Nbd7 7. O-O e5 8. dxe5
dxe5 9. Bg5 c6 10. h3 Nc5 11. Qc2 Ne6 12. Be3 Nh5 13. Rfd1 Qf6 14. Rd6 Nd4 15.
Rxd4 exd4 16. Bxd4 Qe7 17. Bxg7 Nxg7 18. a3 f6 19. b4 Be6 20. c5 a5 21. Rb1
axb4 22. axb4 Bf7 23. Na4 Rfd8 24. Bc4 Bxc4 25. Qxc4+ Qe6 26. Nb6 Qxc4 27. Nxc4
Ne6 28. e5 Nd4 29. Nxd4 Rxd4 30. Nb6 Rad8 31. exf6 Rd1+ 32. Rxd1 Rxd1+ 33. Kh2
Kf7 34. Nc4 Kxf6 35. Nd6 Ke6 36. Nxb7 Rb1 37. Nd6 Rxb4 38. f3 Kd5 39. Ne4 Rxe4
40. fxe4+ Kxe4 41. Kg3 Kd4 42. Kf4 Kxc5 43. Kg5 Kd6 44. h4 c5 45. Kh6 c4 46.
Kxh7 c3 47. Kxg6 c2 48. h5 c1=Q 49. h6 Qc2+ 50. Kg7 Qxg2+ 51. Kf7 Qb7+ 52. Kg8
Ke6 0-1

[Event "NATO-ch 22nd"]
[Site "Kaunas"]
[Date "2011.08.11"]
[Round "5.13"]
[White "Szczesniak, Andrzej"]
[Black "Van Rijn, Wouter"]
[Result "0-1"]
[WhiteElo "2050"]
[BlackElo "2191"]
[PlyCount "104"]
[EventDate "2011.08.??"]
[EventType "swiss"]
[EventRounds "7"]
[EventCountry "LTU"]
[WhiteTeam "POL"]
[BlackTeam "NED"]

1. c4 e5 2. Nc3 Nf6 3. g3 d5 4. cxd5 Nxd5 5. Bg2 Nb6 6. Nf3 Nc6 7. Rb1 Bf5 8.
d3 Be7 9. Be3 O-O 10. a3 Qd7 11. b4 a6 12. Bc5 Rfe8 13. Bxe7 Qxe7 14. O-O Rad8
15. Qc2 Nd4 16. Nxd4 exd4 17. Ne4 {(=)} Nd5 18. Rbc1 c6 19. Rfe1 Bxe4 20. Bxe4
{(=)} Nc3 21. Bf3 {(=)} a5 22. Qb2 {(=)} axb4 23. axb4 g6 24. Ra1 Qc7 25. Qb3 {
(=)} Re5 26. Ra5 Rde8 27. Rxe5 Rxe5 28. Qc4 Qb6 29. e3 dxe3 30. Kg2 Nd5 31.
Bxd5 cxd5 32. Qf4 Rf5 33. Qb8+ Kg7 34. Rxe3 Qxb4 35. Re8 Qd4 36. Re3 Qb2 37.
Rf3 Rxf3 38. Kxf3 Qd4 39. Ke2 b6 40. h4 f6 41. Qc7+ Kh6 42. Qf7 Qg4+ 43. Ke1
Qf3 44. Qf8+ Kh5 45. Qa3 Kg4 46. Qb4+ Kh3 47. Qxb6 Qxd3 48. Qxf6 Kg2 49. f4
Kxg3 50. Qb6 d4 51. Qb7 Qe3+ 52. Kd1 d3 0-1

[Event "NATO-ch 22nd"]
[Site "Kaunas"]
[Date "2011.08.11"]
[Round "5.14"]
[White "Mankauskas, Donatas"]
[Black "Harwood, Duncan J"]
[Result "1/2-1/2"]
[WhiteElo "1958"]
[BlackElo "2180"]
[PlyCount "39"]
[EventDate "2011.08.??"]
[EventType "swiss"]
[EventRounds "7"]
[EventCountry "LTU"]
[WhiteTeam "LTU"]
[BlackTeam "ENG"]

1. d4 Nf6 2. c4 g6 3. Nc3 Bg7 4. e4 d6 5. Nf3 O-O 6. Bg5 Na6 7. Be2 c5 8. d5 h6
9. Bh4 Nh5 10. Qd2 f5 11. exf5 Bxf5 12. O-O Qd7 13. a3 Bg4 14. Bg3 Nc7 15. Nh4
Nxg3 16. hxg3 Bxe2 17. Qxe2 g5 18. Nf3 Rae8 19. Qd3 Qf5 20. Rad1 1/2-1/2

[Event "NATO-ch 22nd"]
[Site "Kaunas"]
[Date "2011.08.11"]
[Round "5.15"]
[White "Papista, Akos"]
[Black "Picart, Laurent"]
[Result "1/2-1/2"]
[WhiteElo "2158"]
[BlackElo "2094"]
[PlyCount "23"]
[EventDate "2011.08.??"]
[EventType "swiss"]
[EventRounds "7"]
[EventCountry "LTU"]
[WhiteTeam "HUN"]
[BlackTeam "FRA"]

1. e4 c6 2. d4 d5 3. e5 Bf5 4. h4 h5 5. Nf3 e6 6. c4 Nd7 7. Nc3 Ne7 8. Qb3 Rb8
9. Bg5 dxc4 10. Bxc4 Nb6 11. Be2 Nbd5 12. Nxd5 1/2-1/2

[Event "NATO-ch 22nd"]
[Site "Kaunas"]
[Date "2011.08.11"]
[Round "5.16"]
[White "Tommasini, Enzo"]
[Black "Franck, Boris"]
[Result "1-0"]
[WhiteElo "2154"]
[BlackElo "2090"]
[PlyCount "87"]
[EventDate "2011.08.??"]
[EventType "swiss"]
[EventRounds "7"]
[EventCountry "LTU"]
[WhiteTeam "ITA"]
[BlackTeam "FRA"]

1. d4 g6 2. c4 Bg7 3. Nc3 d6 4. g3 Nc6 5. e3 e5 6. d5 Nce7 7. Bg2 f5 8. Nge2
Nf6 9. O-O O-O 10. f4 e4 11. Rb1 c5 12. dxc6 bxc6 13. b3 Ba6 14. Ba3 d5 15. Qd2
Rf7 16. Rfd1 Qb6 17. Na4 Qc7 18. Nc5 Qc8 19. Qa5 Bb7 20. h3 h6 21. Rbc1 Bh8 22.
Nd4 Ne8 23. Nce6 Qd7 24. Bf1 Bxd4 25. Nxd4 Qd8 26. Qc3 Nd6 27. c5 Ne8 28. Bb2
Nf6 29. b4 a6 30. Be2 Kh7 31. Kf2 Bc8 32. a4 Bd7 33. b5 axb5 34. axb5 Qa5 35.
b6 Qxc3 36. Bxc3 Bc8 37. Ra1 Rxa1 38. Rxa1 Bb7 39. Ba6 Bxa6 40. Rxa6 Nd7 41.
Ne6 d4 42. Bxd4 Nd5 43. Ra7 Kg8 44. Ra8+ 1-0

[Event "NATO-ch 22nd"]
[Site "Kaunas"]
[Date "2011.08.11"]
[Round "5.17"]
[White "Geroly, Jozsef"]
[Black "Lazar, Ales Sr"]
[Result "0-1"]
[WhiteElo "1978"]
[BlackElo "2150"]
[PlyCount "152"]
[EventDate "2011.08.??"]
[EventType "swiss"]
[EventRounds "7"]
[EventCountry "LTU"]
[WhiteTeam "HUN"]
[BlackTeam "SLO"]

1. Nf3 Nf6 2. d4 d5 3. g3 c6 4. Bg2 Bf5 5. Nh4 Be4 6. f3 Bg6 7. Nxg6 hxg6 8.
Nc3 e6 9. e4 Qb6 10. Na4 Qa5+ 11. c3 Na6 12. O-O Be7 13. b4 Qd8 14. Nb2 Nc7 15.
a4 a5 16. e5 Nd7 17. Bd2 b6 18. Nd3 O-O 19. f4 axb4 20. Nxb4 Nb8 21. Nc2 Qd7
22. g4 c5 23. Ne3 Nc6 24. g5 cxd4 25. Ng4 b5 26. Nf6+ Bxf6 27. gxf6 Rxa4 28.
Rxa4 bxa4 29. Qg4 gxf6 30. exf6 Ne8 31. Qh4 Qd8 32. f5 Qxf6 33. Bg5 Qh8 34.
Qxh8+ Kxh8 35. fxe6 f6 36. Bxd5 Ne7 37. c4 Kg7 38. Bc1 Nc7 39. Ba3 Re8 40. Bxe7
Rxe7 41. Ra1 Nxe6 42. Rxa4 Nf4 43. Bf3 d3 44. c5 Ne6 45. c6 d2 46. Kf2 f5 47.
Ra2 Kf6 48. Rxd2 g5 49. Rb2 Ke5 50. Rb5+ Kf6 51. Rb7 Nc7 52. Rb2 g4 53. Bd1 Rh7
54. Kg2 Ke5 55. Rd2 Nd5 56. Bb3 Nf6 57. Re2+ Ne4 58. Bc2 Rc7 59. Bxe4 fxe4 60.
Kg3 Rxc6 61. Kxg4 Rg6+ 62. Kh5 Rg8 63. h4 Kf4 64. Rf2+ Kg3 65. Rf6 Rh8+ 66. Kg5
Rxh4 67. Re6 Rf4 68. Ra6 Kf3 69. Ra1 Rg4+ 70. Kf5 Rh4 71. Kg5 Rh8 72. Rf1+ Ke2
73. Ra1 Rf8 74. Ra2+ Kf3 75. Ra3+ e3 76. Ra1 e2 0-1

[Event "NATO-ch 22nd"]
[Site "Kaunas"]
[Date "2011.08.11"]
[Round "5.18"]
[White "Nielsen, Rene O"]
[Black "Maes, Patrick"]
[Result "1-0"]
[WhiteElo "2149"]
[BlackElo "2068"]
[PlyCount "97"]
[EventDate "2011.08.??"]
[EventType "swiss"]
[EventRounds "7"]
[EventCountry "LTU"]
[WhiteTeam "DEN"]
[BlackTeam "BEL"]

1. e4 g6 2. d4 Bg7 3. Nf3 d6 4. Be2 Nd7 5. O-O Ngf6 6. Nc3 O-O 7. Bg5 a6 8. Re1
h6 9. Bh4 b5 10. Bf1 Bb7 11. e5 dxe5 12. dxe5 Ng4 13. e6 fxe6 14. Nd4 Nc5 15.
Nxe6 Nxe6 16. Qxg4 Ng5 17. Rad1 Qc8 18. Qxc8 Raxc8 19. Bxg5 hxg5 20. Rxe7 Rf7
21. Rxf7 Kxf7 22. g3 b4 23. Bc4+ Ke8 24. Re1+ Kf8 25. Na4 Bd4 26. c3 bxc3 27.
Nxc3 Re8 28. Rxe8+ Kxe8 29. Kf1 Ke7 30. Ke2 g4 31. Ke1 Kf6 32. Be2 Kf5 33. Nd1
Bc8 34. Kd2 Ke4 35. b3 a5 36. Ne3 Be6 37. Bd1 g5 38. Ke2 Bc5 39. Bc2+ Kd4 40.
Bf5 Bxf5 41. Nxf5+ Kc3 42. Ne3 Kb2 43. Kd3 Kxa2 44. Kc4 Bd6 45. Nxg4 Kb2 46. h4
gxh4 47. gxh4 Kc1 48. h5 Bf8 49. f4 1-0

[Event "NATO-ch 22nd"]
[Site "Kaunas"]
[Date "2011.08.11"]
[Round "5.19"]
[White "Sypien, Mateusz"]
[Black "Hernandez, Albertryan"]
[Result "1/2-1/2"]
[WhiteElo "2283"]
[BlackElo "2072"]
[PlyCount "133"]
[EventDate "2011.08.??"]
[EventType "swiss"]
[EventRounds "7"]
[EventCountry "LTU"]
[WhiteTeam "POL"]
[BlackTeam "USA"]

1. e4 e6 2. d3 d5 3. Nc3 d4 4. Nce2 c5 5. f4 Nf6 6. Nf3 Nc6 7. g3 Be7 8. Bg2
Qc7 9. O-O b6 10. c4 h5 11. h3 Bb7 12. a3 a5 13. Bd2 a4 14. Rb1 Ra7 15. Qc2 Nb8
16. Rbe1 Nbd7 17. Bc1 Bc6 18. f5 e5 19. Bg5 b5 20. Bxf6 gxf6 21. Nd2 Nb6 22. g4
bxc4 23. Nxc4 Nxc4 24. dxc4 hxg4 25. hxg4 Rg8 26. Bf3 Rb7 27. Nc1 Qb8 28. Rf2
Bf8 29. Rh2 Ke7 30. Nd3 Kd6 31. Kg2 Rb3 32. Kg3 Qb7 33. Qd2 Be7 34. Bd1 Bxe4
35. Bxb3 axb3 36. Rf2 Kc7 37. Qa5+ Kb8 38. Nxc5 Bxc5 39. Qxc5 Bc2 40. Qd6+ Qc7
41. Qxc7+ Kxc7 42. Rc1 d3 43. Kf3 Kc6 44. Re1 Kc5 45. Rd2 Rd8 46. Re4 Rh8 47.
g5 Rh5 48. gxf6 Rxf5+ 49. Ke3 Kd6 50. Rxd3+ Bxd3 51. Kxd3 Rf3+ 52. Re3 Rxf6 53.
Kc3 Rf1 54. Kxb3 f5 55. Rd3+ Kc6 56. Rd5 e4 57. Re5 Rf3+ 58. Kc2 e3 59. Kd1 f4
60. b4 Rf1+ 61. Ke2 Rf2+ 62. Ke1 Kd6 63. Re4 Kc6 64. Re5 Ra2 65. Re4 Ra1+ 66.
Ke2 Ra2+ 67. Ke1 1/2-1/2

[Event "NATO-ch 22nd"]
[Site "Kaunas"]
[Date "2011.08.11"]
[Round "5.20"]
[White "Onley, David"]
[Black "Nielsen, Henrik"]
[Result "1-0"]
[WhiteElo "2105"]
[BlackElo "2019"]
[PlyCount "147"]
[EventDate "2011.08.??"]
[EventType "swiss"]
[EventRounds "7"]
[EventCountry "LTU"]
[WhiteTeam "ENG"]
[BlackTeam "DEN"]

1. e4 c5 2. Nf3 Nc6 3. Bb5 g6 4. O-O Bg7 5. d3 Nf6 6. Nc3 O-O 7. Bxc6 bxc6 8.
Be3 d6 9. h3 e5 10. Qd2 Ne8 11. Bh6 f5 12. Bxg7 Nxg7 13. Qh6 Ne6 14. Ne2 f4 15.
c3 Ba6 16. Rad1 Qe7 17. Rfe1 g5 18. d4 Rf6 19. Qh5 Rg6 20. dxe5 Ng7 21. exd6
Qd8 22. Qxg6 hxg6 23. Ne5 Qb6 24. b3 Bxe2 25. Rxe2 Rd8 26. Red2 Ne8 27. Nc4 Qa6
28. e5 Kf7 29. e6+ Kxe6 30. Re1+ Kf7 31. Re7+ Kf8 32. Re6 Kf7 33. Rde2 Nxd6 34.
Rxd6 Rxd6 35. Nxd6+ Kf6 36. c4 Qa3 37. Kh2 a5 38. Ne4+ Ke5 39. Nxg5+ Kd4 40.
Ne6+ Kc3 41. Nxf4 g5 42. Ne6 Kd3 43. Re3+ Kd2 44. Nxg5 a4 45. h4 Kd1 46. Nf3
Qb4 47. g4 Kc2 48. g5 Kb1 49. bxa4 Kxa2 50. Ne5 Qb2 51. Kg3 Qb1 52. Kg2 Qf5 53.
g6 Qf6 54. Rg3 Qxe5 55. g7 Qe4+ 56. f3 Qc2+ 57. Kh3 Qf5+ 58. Kh2 Ka3 59. g8=Q
Qf4 60. Qg4 Qd2+ 61. Rg2 Qd6+ 62. Qg3 Qf6 63. f4+ Kb4 64. Qe1+ Kxa4 65. Qg3 Ka5
66. Qg5 Qd4 67. h5 Kb4 68. h6 Ka5 69. h7 Qd7 70. Qxc5+ Ka6 71. Ra2+ Kb7 72.
Ra7+ Kc8 73. h8=Q+ Qd8 74. Qxc6+ 1-0

[Event "NATO-ch 22nd"]
[Site "Kaunas"]
[Date "2011.08.11"]
[Round "5.21"]
[White "Tucker, David Sidney"]
[Black "Lustig, Mickael"]
[Result "1-0"]
[WhiteElo "2096"]
[BlackElo "2019"]
[PlyCount "73"]
[EventDate "2011.08.??"]
[EventType "swiss"]
[EventRounds "7"]
[EventCountry "LTU"]
[WhiteTeam "ENG"]
[BlackTeam "NATO"]

1. e4 c5 2. Nf3 d6 3. d4 cxd4 4. Nxd4 Nf6 5. Nc3 a6 6. g3 e5 7. Nb3 Be6 8. Bg2
Be7 9. O-O O-O 10. Re1 b5 11. a4 b4 12. Nd5 Nxd5 13. exd5 Bf5 14. a5 Qc7 15.
Be4 Bd7 16. Be3 f5 17. Bb6 Qc8 18. Bg2 f4 19. Nd4 Bg4 20. f3 Bd7 21. Qd2 Qe8
22. Ne2 Bb5 23. Qxb4 Bxe2 24. Rxe2 Nd7 25. Ra3 Qg6 26. Rc3 Nc5 27. Bxc5 dxc5
28. Qc4 Bd6 29. g4 Rab8 30. Rb3 Rxb3 31. Qxb3 Rb8 32. Qc4 Rxb2 33. Qxa6 Rb4 34.
Qc8+ Kf7 35. a6 Bb8 36. Qd7+ Kf8 37. a7 1-0

[Event "NATO-ch 22nd"]
[Site "Kaunas"]
[Date "2011.08.11"]
[Round "5.22"]
[White "Dawson, David"]
[Black "Patron, Pascal"]
[Result "1/2-1/2"]
[WhiteElo "2000"]
[BlackElo "1997"]
[PlyCount "43"]
[EventDate "2011.08.??"]
[EventType "swiss"]
[EventRounds "7"]
[EventCountry "LTU"]
[WhiteTeam "ENG"]
[BlackTeam "NATO"]

1. e4 e5 2. Nf3 Nc6 3. Bc4 Nf6 4. Ng5 Bc5 5. Bxf7+ Kf8 6. Bd5 Nxd5 7. d4 Nf4 8.
Bxf4 exf4 9. Qh5 Qf6 10. e5 Nxe5 11. dxc5 h6 12. Ne4 Qe7 13. Qf5+ Kg8 14. Qxf4
Ng6 15. Qe3 b6 16. O-O Bb7 17. Re1 Kh7 18. Nbc3 Rae8 19. Qd3 bxc5 20. Nd5 Bxd5
21. Qxd5 d6 22. g3 1/2-1/2

[Event "NATO-ch 22nd"]
[Site "Kaunas"]
[Date "2011.08.11"]
[Round "5.23"]
[White "Ledoux, Jean Luc"]
[Black "Wagenaar, Harm Theo"]
[Result "0-1"]
[WhiteElo "2074"]
[BlackElo "2084"]
[PlyCount "126"]
[EventDate "2011.08.??"]
[EventType "swiss"]
[EventRounds "7"]
[EventCountry "LTU"]
[WhiteTeam "FRA"]
[BlackTeam "NED"]

1. Nf3 c5 2. e3 Nf6 3. c4 e6 4. d4 cxd4 5. exd4 d5 6. a3 Be7 7. Bd3 Nc6 8. O-O
O-O 9. Nc3 b6 10. Be3 Bb7 11. Qe2 Rc8 12. Rad1 dxc4 13. Bxc4 Na5 14. Ba2 Nd5
15. Ne5 Rxc3 16. bxc3 Nxc3 17. Qc2 Nxd1 18. Rxd1 Bd5 19. Bb1 g6 20. Qe2 Bxa3
21. Qg4 f5 22. Qg3 Bd6 23. Bf4 Bxe5 24. dxe5 Qd7 25. h4 Qf7 26. h5 Rc8 27. h6
Nc4 28. Rc1 b5 29. Qb3 Qd7 30. Bg5 a5 31. Bf6 b4 32. Bd3 Nxe5 33. Rxc8+ Qxc8
34. Qb1 Nxd3 35. Qxd3 Qc1+ 36. Kh2 Qxh6+ 37. Kg1 Qc1+ 38. Kh2 Qc7+ 39. Kg1 b3
40. Qb5 Kf7 41. Bb2 g5 42. Qd3 Qc4 43. Qg3 Qc2 44. Qe5 g4 45. Qf6+ Ke8 46. Ba3
Qc7 47. Qh8+ Kd7 48. Qxh7+ Kc6 49. Qh8 Kb5 50. Qa1 Qc4 51. Bb2 Qe4 52. Qf1+ Bc4
53. Qd1 Qd3 54. Qe1 Qe2 55. Qc1 Qc2 56. Qa1 f4 57. Bc3 a4 58. Be1 b2 59. Qa3
b1=Q 60. Qe7 Qxe1+ 61. Kh2 g3+ 62. fxg3 Qxg3+ 63. Kh1 Qd1# 0-1